00584nam a2200193Ia 450000500170000000800410001702000150005808200130007310000120008624500720009826000390017030000200020965000110022965000160024065000180025694200060027495200950028099900150037520250116004448.0240331s9999 xx 000 0 und d a0195643127 bGUHa934 aGuha, R 0aDominanace without hegemony :bhistory and power in colonial India aNew DelhibOxford universityc1998 aXv, 245 p .,e  aSocial aColonialism aIndia History cL 001040708LaWERCLbWERCLcSSCd2024-03-31l0o 934 GUHp4271r2024-03-31w2024-03-31yL c3425d3425